Southville International School and Colleges
Your cart is empty.
  • Cart
  • Lists
    Public lists Eva Luna New books Lux_list list_1
    Your lists Log in to create your own lists
  • Log in to your account
  • Your cookies
  • Search history
Southville International School and Colleges
  • Advanced search
  • Recent comments
  • Most popular
  • Libraries

Log in to your account

Log in with GOOGLE


If you do not have an external account, but do have a local account, you can still log in:

  1. Home
  2. MARC view: Nursing diagnosis handbook :
Normal view MARC view ISBD view

Nursing diagnosis handbook : (Record no. 21905)

[ view plain ]
MARC details
000 -LEADER
fixed length control field 00587nam a2200205 a 4500
005 - DATE AND TIME OF LATEST TRANSACTION
control field 20140310183344.0
008 - FIXED-LENGTH DATA ELEMENTS--GENERAL INFORMATION
fixed length control field 070208s19uu xx 00 eng d
020 ## - INTERNATIONAL STANDARD BOOK NUMBER
International Standard Book Number 13-978-981-259-660-4
050 ## - LIBRARY OF CONGRESS CALL NUMBER
Classification number RT 41
Item number .Ac182 2006
100 ## - MAIN ENTRY--PERSONAL NAME
Personal name Ackley, Betty J.
245 ## - TITLE STATEMENT
Title Nursing diagnosis handbook :
Remainder of title a guide to planning care.
250 ## - EDITION STATEMENT
Edition statement 7th ed.
260 ## - PUBLICATION, DISTRIBUTION, ETC. (IMPRINT)
Place of publication, distribution, etc Quezon City :
Name of publisher, distributor, etc C&E Publishing, Inc,
Date of publication, distribution, etc 2006.
300 ## - PHYSICAL DESCRIPTION
Extent 1353 p. :
Dimensions 21 cm.
521 ## - TARGET AUDIENCE NOTE
Target audience note
650 ## - SUBJECT ADDED ENTRY--TOPICAL TERM
Topical term or geographic name as entry element Diagnosis
General subdivision handbooks, manuals, etc.
700 ## - ADDED ENTRY--PERSONAL NAME
Personal name Ladwig, Gail B.
942 ## - ADDED ENTRY ELEMENTS (KOHA)
Koha item type Books
Source of classification or shelving scheme Library of Congress Classification
Call number prefix Foreign
Holdings
Withdrawn status Lost status Source of classification or shelving scheme Damaged status Home library Current library Shelving location Date acquired Total Checkouts Total Renewals Full call number Barcode Date last seen Date checked out Price effective from Koha item type
    Library of Congress Classification   College Library College Library General Circulation Section 04/14/2011 2 4 RT 41 .Ac182 2006 C8133 08/29/2019 08/29/2019 03/10/2014 Books

Nursing diagnosis handbook :

APA

Ackley B. J., Ladwig G. B., . (2006). Nursing diagnosis handbook. Quezon City: C&E Publishing, Inc.

Chicago

Ackley Betty J, Ladwig Gail B, . 2006. Nursing diagnosis handbook. Quezon City: C&E Publishing, Inc.

Harvard

Ackley B. J., Ladwig G. B., . (2006). Nursing diagnosis handbook. Quezon City: C&E Publishing, Inc.

MLA

Ackley Betty J, Ladwig Gail B, . Nursing diagnosis handbook. Quezon City: C&E Publishing, Inc. 2006.

  • Place hold
  • Print
  • Cite
  • Add to your cart (remove)
  • Save record
    BIBTEX Dublin Core MARCXML MARC (non-Unicode/MARC-8) MARC (Unicode/UTF-8) MARC (Unicode/UTF-8, Standard) MODS (XML) RIS
  • More searches
    Search for this title in:
    Other Libraries (WorldCat) Other Databases (Google Scholar) Online Stores (Bookfinder.com) Open Library (openlibrary.org)

Exporting to Dublin Core...

SOUTHVILLE LIBRARY

Southville International School and Colleges Library

1281 Tropical Ave. Cor. Luxembourg St., BF Homes International, Las Pinas City

Tel. No. 8256374 / 252358 Loc. 117/146

Powered by Koha